Statystyki dla Oceany świata

Kliknij tutaj aby rozwiązać quiz!

Ogólne statystyki

  • Ten quiz został rozwiązany 277 razy
  • Średni wynik to 2 z 5

Statystyki odpowiedzi

Powierzchnia
Ocean% Poprawnych
155,6 mln km2Spokojny
85%
76,7 mln km2Atlantycki
65%
68,5 mln km2Indyjski
49%
15,5 mln km2Arktyczny
28%
20,3 mln km2Południowy
15%

Rozkład punktacji

Percentyl według liczby udzielonych odpowiedzi

Procent ludzi z każdym wynikiem

Twoja historia wyników

Nie rozwiązałeś tego quizu